|
|
|
|
| LEADER |
00000nam a2200000 a 4500 |
| 001 |
vtls001397746 |
| 003 |
SK-MaSNL |
| 005 |
20260301201853.0 |
| 008 |
180810s1905 xo 0 hun |
| 015 |
|
|
|a SNBA1905
|
| 040 |
|
|
|a SNK
|b slo
|c SNK
|e AACR2
|
| 041 |
0 |
|
|a hun
|
| 044 |
|
|
|a xo
|c SK
|
| 072 |
|
7 |
|a 37
|x Výchova a vzdelávanie
|2 konspekt
|
| 080 |
|
|
|a 37.01/.09
|2 2011
|
| 100 |
1 |
|
|a Sarmaságh, Géza,
|d 1852-1911
|4 aut
|4 ins
|9 378755
|
| 245 |
1 |
2 |
|a A Czalád,Egyház,Állam Jogai és Kötelességei A Tanitás És Nevelés Terén
|b A Budapesti Királyi Tudomány-Egyetem Hittani Karától A Horváth-Alapból 2000 korona Dijjal Jutalmazott Pámyamű
|n I. Kötet
|p A Család És Egyház Jogai És Kötelességei A Tanitás És Nevelés Terén
|c Irta Sarmaságh Géza
|
| 260 |
|
|
|a Nyitra
|b Kapsz és Kramár Nyomása
|c 1905
|
| 300 |
|
|
|a 498 s.
|c 23 cm
|
| 504 |
|
|
|a Úvod. Poznámky pod textom
|
| 561 |
|
|
|a Rkp.: Öszinte tiszteletem s baráti ... Sarmaságh Géza
|
| 650 |
0 |
7 |
|a výchova a vzdelávanie
|2 SNK
|9 1684
|
| 710 |
2 |
|
|a Kopasz, Gejza a Kramár, Viliam (Nitra, Slovensko),
|d 1902-1909
|4 prt
|9 378756
|
| 752 |
|
|
|a Slovensko
|d Nitra
|
| 852 |
|
|
|a SNK
|p SC 11584/1
|
| 958 |
|
|
|a ONDV
|
| 999 |
|
|
|c 896623
|d 898553
|
| 952 |
|
|
|a SNK
|b SNK
|y PREZ
|7 0
|p 17A0837391
|o snkSC 11584/1
|i snkKSF 143/59
|8 5
|0 0
|1 0
|4 0
|d 2012-08-23
|l 0
|r 2025-07-11 00:00:00
|w 2026-02-24
|
| 952 |
|
|
|t P60, <04>, [BOOK], {604}
|a SNK
|b SNK
|y VYP
|7 0
|p 17A0254382
|o snkSC 11584/1 D2
|i snkF 2949/67
|8 5
|0 0
|1 0
|4 0
|d 2000-10-10
|l 0
|r 2005-01-02 00:00:00
|w 2026-02-24
|
| 952 |
|
|
|a SNK
|b SNK
|y VYP
|7 0
|p 17A1354860
|o snkSC 11584/1 D1
|i snkK 2813/69
|8 3
|0 0
|1 0
|4 0
|d 2019-02-07
|l 0
|r 2026-02-24 07:00:54
|w 2026-02-24
|